Statistics for Biggest U.S. Cities by Ending Vowel

Click here to take the quiz!

General Stats

  • This quiz has been taken 67 times
  • The average score is 34 of 54

Answer Stats

PopulationStateCity% Correct
1,567,000PennsylvaniaPhiladelphia
98%
464,000GeorgiaAtlanta
96%
2,721,000IllinoisChicago
93%
444,000NebraskaOmaha
91%
353,000HawaiiHonolulu
91%
441,000FloridaMiami
91%
1,470,000TexasSan Antonio
91%
865,000CaliforniaSan Francisco
89%
1,395,000CaliforniaSan Diego
89%
684,000WashingtonSeattle
88%
631,000OklahomaOklahoma City
88%
827,000North CarolinaCharlotte
84%
475,000MissouriKansas City
84%
151,000KansasKansas City
84%
655,000TennesseeNashville
82%
622,000MarylandBaltimore
82%
559,000New MexicoAlbuquerque
82%
681,000TexasEl Paso
82%
404,000OklahomaTulsa
82%
1,027,000CaliforniaSan Jose
80%
369,000FloridaTampa
80%
868,000FloridaJacksonville
79%
615,000KentuckyLouisville
77%
264,000New JerseyJersey City
77%
491,000CaliforniaSacramento
75%
193,000UtahSalt Lake City
75%
390,000KansasWichita
75%
299,000OhioCincinnati
75%
472,000ArizonaMesa
71%
33,000AlaskaJuneau
71%
520,000CaliforniaFresno
70%
600,000WisconsinMilwaukee
68%
359,000ColoradoAurora
68%
280,000OhioToledo
66%
201,000AlabamaMontgomery
57%
320,000TexasCorpus Christi
57%
284,000TexasPlano
55%
335,000CaliforniaSanta Ana
52%
285,000North CarolinaGreensboro
52%
45,000MississippiBiloxi
46%
322,000CaliforniaRiverside
45%
266,000CaliforniaChula Vista
38%
136,000UtahWest Valley City
34%
160,000North CarolinaCary
30%
40,000MissouriCape Girardeau
29%
20,000MichiganYpsilanti
18%
58,000UtahLehi
14%
204,000CaliforniaMoreno Valley
14%
163,000TexasMcKinney
14%
25,000New JerseyLodi
13%
58,000MichiganNovi
13%
65,000CaliforniaLodi
13%
39,000WisconsinWausau
9%
69,000FloridaNorth Miami
2%

Score Distribution

Percentile by Number Answered

Percent of People with Each Score

Your Score History

You have not taken this quiz